01856nam a2200469 i 450000100060000000300080000600500170001400600190003100700150005000800410006502000270010603500230013303500240015603500250018003500210020504000310022605000220025708000170027908200160029610000320031224501440034426400450048830000410053333600310057433700330060533800430063849000250068150000230070650400430072958801240077259001590089665000360105565000390109165000320113065000340116265500270119670000390122379700190126283000260128185600620130799900170136931976FlNmELB20241216220713.0m o d | cr cnu||||||||160728s2015 sp ob 001 0 spa d a9788416061655 (e-book) a(MiAaPQ)EBC4536105 a(Au-PeEL)EBL4536105 a(CaPaEBR)ebr11216811 a(OCoLC)984774042 aFINmELBbspaerdacFINmELB 4aPC4611bP896 2015 a811.134.2'280 a463.0282231 aPrado Aragonés, Josefina.13aEl léxico disponible de Extremadura y comparación con el de Andalucía /cJosefina Prado Aragonés, María Victoria Galloso Camacho. 1aHuelva :bUniversidad de Huelva,c[2015] a1 recurso en línea (235 páginas) atextobtxt2rdacontent/spa acomputadorabc2rdamedia/spa arecurso en líneabcr2rdacarrier/spa1 aArias Montano ;v118 aContiene índice. aContiene referencias bibliográficas. aDescripción basada en recurso en línea; Título de la página del título en PDF (e-libro, visto July 28, 2016). aRecurso electronico. Santa Fe, Arg. : e-libro, 2016. Disponible via World Wide Web. El acceso puede ser limitado para las bibliotecas afiliadas a e-libro. 0aSpanish languagexLexicography. 4aLengua españolaxLexicografía. 0aSpanish languagexDialects. 4aLengua españolaxDialectos. 4aLibros electrónicos.1 aGalloso Camacho, María Victoria.2 ae-libro, Corp. 0aArias Montano ;v118.40uhttps://elibro.net/ereader/politecnicointernacional/43412 c31976d31976